Statistiques concernant Culture Générale - Série 1261

Cliquez ici pour prendre le quiz!

Statistiques générales

  • Ce quiz a été pris 45 fois
  • Le résultat moyen est 3 sur 10

Statistiques - réponses

QuestionRéponse% Correct
Dans la légende médiévale, de qui Iseult la blonde, épouse du roi Marc, est-elle passionnément amoureuse ?Tristan
81%
Dans quel pays se trouve le site archéologique de Teotihuacán ?Mexique
74%
Quel cinéaste américain a réalisé "La Liste de Schindler" en 1993 ?Steven Spielberg
53%
Quel batracien proche de la salamandre porte le même nom qu'une divinité de la mer à figure humaine et à queue de poisson ?triton
42%
Comment appelait-on le service de police politique, de renseignements, d'espionnage et de contre-espionnage de la République démocratique allemande (RDA) créé le 8 février 1950 ?La Stasi
42%
C'est un prénom masculin, une région de Bretagne et une province espagnoleLeon
35%
Lépidoptère domestique originaire du Nord de la Chine dont le ver à soie est la chenillebombyx
14%
Comment s'appelle l'ouvrage liturgique catholique que le prêtre lit régulièrementbreviaire
5%
Quel jeune précepteur est amoureux de Julie, dans "Julie ou la Nouvelle Héloïse", de Rousseau ?Saint-Preux
0%
Quel arbre dont le bois dur et souple convient parfaitement à la confection de manches d'outils ?micocoulier
0%

Distribution des résultats

Percentile par nombre de réponses

% des personnes avec chaque résultat

Votre développement - résultats

Vous n’avez pas pris ce quiz